00298nam a2200121Ia 45000010005000000080041000050820020000461000018000662450023000842600028001079010026001359990015001611133241024s9999 xx 000 0 und d aRD/861.44/C352s a[*SIN AUTOR*] 0aSalmos Apócrifos b[*SIN EDITORIAL*]c2007 a1/2/2011 1:15:35 p.m. c7904d7904